Vocational education / (Record no. 20298)

MARC details
000 -LEADER
fixed length control field 01249cam a22002771 4500
001 - CONTROL NUMBER
control field e 19000228
003 - CONTROL NUMBER IDENTIFIER
control field DLC
005 - DATE AND TIME OF LATEST TRANSACTION
control field 20260227111210.0
008 - FIXED-LENGTH DATA ELEMENTS--GENERAL INFORMATION
fixed length control field 970428m19191923dcu f000 0 eng c
010 ## - LIBRARY OF CONGRESS CONTROL NUMBER
LC control number e 19000228
035 ## - SYSTEM CONTROL NUMBER
System control number (OCoLC)36810569
040 ## - CATALOGING SOURCE
Original cataloging agency Library, U.S. Office of Ecucation
Transcribing agency OCU
Modifying agency DLC
042 ## - AUTHENTICATION CODE
Authentication code premarc
050 00 - LIBRARY OF CONGRESS CALL NUMBER
Classification number L111
Item number .A6 1919, no. 25, etc.
051 ## - LIBRARY OF CONGRESS COPY, ISSUE, OFFPRINT STATEMENT
Classification number LC1045
Item number .B3
100 1# - MAIN ENTRY--PERSONAL NAME
Personal name Bawden, William T.
Fuller form of name (William Thomas),
Dates associated with a name 1875-1960.
245 10 - TITLE STATEMENT
Title Vocational education /
Statement of responsibility, etc. by William T. Bawden, specialist in industrial education, Bureau of Education.
260 ## - PUBLICATION, DISTRIBUTION, ETC.
Place of publication, distribution, etc. Washington :
Name of publisher, distributor, etc. Govt. Print. Off.,
Date of publication, distribution, etc. 1919-23.
300 ## - PHYSICAL DESCRIPTION
Extent 2 v. ;
Dimensions 23 cm.
490 1# - SERIES STATEMENT
Series statement [U.S.] Bureau of Education. Bulletin,
Volume/sequential designation 1919, no. 25; 1923, no. 28
500 ## - GENERAL NOTE
General note At head of title: Department of the Interior. Bureau of Education.
500 ## - GENERAL NOTE
General note Advance sheets from the Biennial survey of education in the United States, 1916/18; 1920/22.
500 ## - GENERAL NOTE
General note Copy 1 of L111.A6, 1919, no. 25 bound with: Bulletin / United States. Bureau of Education, 1919, no. 26-1919, no. 38, subsequent to publication.
650 #0 - SUBJECT ADDED ENTRY--TOPICAL TERM
Topical term or geographic name entry element Vocational education
Geographic subdivision United States.
830 #0 - SERIES ADDED ENTRY--UNIFORM TITLE
Uniform title Bulletin (United States. Bureau of Education)
Volume/sequential designation 1919, no 25; 1923, no. 28.

No items available.

Powered by Koha